Les Georges célèbres - Série 73 - Statistiques

Statistiques générales
  • Ce quiz a été pris 161 fois
  • Le résultat moyen est 7 sur 16
Statistiques - réponses
Par images Hint Réponse % Correct
Président de la République Pompidou
98%
poète Brassens
94%
"Le métèque" Moustaki
81%
père la victoire Clemenceau
77%
syndicaliste Marchais
70%
Jacobin Danton
62%
Thalassa Pernoud
48%
compositeur Bizet
45%
dessinateur Wolinski
34%
peintre Braque
26%
réalisateur Lautner
26%
baron Haussmann
25%
acteur et animateur Beller
19%
avocat Kiejman
16%
auteur dramatique Feydeau
13%
romancier Courteline
2%
Aucun quiz correspondant
Distribution des résultats
% des personnes avec chaque résultat
Percentile par nombre de réponses
Votre historique - résultats
Vous n’avez pas pris ce quiz